00349nam a2200133Ia 4500003000400000008004100004040001600045082001600061100001800077245005100095260004500146300001000191650001400201GCL140319s9999 xx 000 0 eng d aGCL / cGCL04a330.12bS C1 aTABAK, DANIEL10aCOMPARATIVE ECONOMIC SYSTEMS / cTABAK, DANIEL a[S.N] : bABT AKVERT SKIRA S.A ، c1994 a422 P04aECONOMICS